| 000 | 00722nam a2200229 i 4500 | ||
|---|---|---|---|
| 001 | 18355 | ||
| 003 | ES-MaACL | ||
| 005 | 20251011063051.0 | ||
| 007 | t| | ||
| 008 | 011116s2001 sp ||||1| spa d | ||
| 020 | _a84-8432-248-3 | ||
| 080 | _a323.17(460.15) | ||
| 100 | 1 |
_aElorza, Antonio, _d1943- _947089 |
|
| 245 | 1 | 3 |
_aUn pueblo escogido _b: génesis, definición y desarrollo del nacionalismo vasco / _cAntonio Elorza. |
| 260 |
_aBarcelona : _bCrítica, _c[2001] |
||
| 300 |
_aXVIII, 502 p. ; _c24 cm. |
||
| 490 | 1 | _aCrítica contrastes | |
| 650 | 4 |
_aNacionalismo- _zPaís Vasco. _915458 |
|
| 830 | 0 |
_aCrítica contrastes _9180307 |
|
| 852 |
_aES-MaACL _jL-25037 _bR.130494 |
||
| 999 |
_c18355 _d18355 |
||